000
00253nam a2200109Ia 4500
008
190216s9999||||xx |||||||||||||| ||und||
100
_a
Gurdeep Raj
245
0
_a
Surface Chemistry
260
_b
Krishna Prakashan Media
_c
2002
300
_a
164
942
_c
BK
999
_c
3018
_d
3018